| 000 | 01464nam a22002417a 4500 | ||
|---|---|---|---|
| 999 |
_c1199 _d1199 |
||
| 003 | OSt | ||
| 005 | 20200218222231.0 | ||
| 008 | 170321b xxu||||| |||| 00| 0 esp d | ||
| 040 |
_cRCAA _aDO-SdBJH _bspa |
||
| 090 |
_aTG AAFFM _b00860 2014 |
||
| 100 | 1 |
_aCamacho Javier, Ronny _esustentante |
|
| 245 | 1 | 0 |
_aAcademia Aérea y Paintball: Creación de un campo de entrenamiento paintball para el período 2015-2019 / _cRonny Camacho Javier, Francis Javier Martínez Santana, asesores Julio M. Arias Durán, Tebi Rodríguez Hernández |
| 260 |
_aSanto Domingo Este : _bINSUDE, _c2014 |
||
| 300 | _axi, 37 páginas, ilustraciones, cuadros | ||
| 502 | _aTrabajo de grado (Licenciatura en Ciencias Aeronáuticas) -- Instituto Superior para la Defensa (INSUDE). Academia Aérea Gral. De Brigada Piloto Frank Andrés Feliz Miranda, 2014. | ||
| 504 | _aIncluye referencias bibliográficas e índices | ||
| 505 | _aAspectos históricos del Paintball a nivel Militar; comparación de la utilización del Paintball con relación a otros países; implementación y creación de un campo de entrenamiento Paintball para la Academia de la Fuerza Aérea de República Dominicana. | ||
| 700 | 1 |
_aMartínez Santana, Francis Javier _esustentante |
|
| 700 | 1 |
_aArias Durán, Julio M. _easesor |
|
| 700 | 1 |
_aRodríguez Hernández, Tebi _easesor |
|
| 830 | _aINSUDE. Academia Aérea Gral. De Brig. Pil. Frank Andrés Feliz Miranda. Tesis y disertaciones. | ||
| 942 |
_2CL _cT |
||